000 00244nam a2200121Ia 4500
100 _aBayross/I
942 _cBK
654 _aingress
245 _aIntroduction to Ingress
260 _bBPB
_aNew Delhi
_c1993
546 _aENGLISH
999 _c30429
_d30429